000 00329 a2200157 4500
001 61039
020 _a
040 _cAnchieta - Pituba
100 _aSamuel, Rogel
240 1 0 _aLiteratura básica; v. 1
_lpor
245 1 0 _aLiteratura básica; v. 1
300 _a144
362 0 _a1985
650 4 _aLITERATURA
942 _cBK
999 _c61039
_d61039